| 000 | 01419cam a22003854a 4500 | ||
|---|---|---|---|
| 001 | 7938152 | ||
| 003 | NUST - PNEC | ||
| 005 | 20170116181053.0 | ||
| 006 | m d | ||
| 007 | cr n | ||
| 008 | 020828s2003 flua sb 001 0 eng d | ||
| 020 | _a084931559X (alk. paper) | ||
| 035 | _a(WaSeSS)ssj0000202332 | ||
| 040 |
_aDLC _cLIBRARY _dDLC _dWaSeSS |
||
| 042 | _apcc | ||
| 050 | 4 |
_aTP159.A85 _bL44 2003 |
|
| 050 | 4 | _aTP159.A85L44 2002 | |
| 082 | 0 | 0 |
_a660.29 LEE _221 |
| 100 | 1 | _aLee, Eric R. | |
| 210 | 1 | 0 | _aMicrodrop generation |
| 245 | 1 | 0 |
_aMicrodrop generation _h[electronic resource] / _cEric R. Lee. |
| 260 |
_aBoca Raton : _bCRC Press, _cc2003. |
||
| 440 | 0 | _aNano- and microscience, engineering, technology, and medicine series | |
| 504 | _aIncludes bibliographical references and index. | ||
| 506 | _aLicense restrictions may limit access. | ||
| 650 |
_aMechanical engineering _911967 _xME |
||
| 773 | 0 | _tNANOnetBASE | |
| 773 | 0 | _tCHEMLIBnetBASE | |
| 773 | 0 | _tENGnetBASE | |
| 856 | 4 | 0 |
_uhttp://www.columbia.edu/cgi-bin/cul/resolve?clio7938152.001 _zFull text available from CHEMLIBnetBASE |
| 856 | 4 | 0 |
_uhttp://www.columbia.edu/cgi-bin/cul/resolve?clio7938152.002 _zFull text available from ENGnetBASE |
| 856 | 4 | 0 |
_uhttp://www.columbia.edu/cgi-bin/cul/resolve?clio7938152.003 _zFull text available from NANOnetBASE |
| 910 | _aLibrary of Congress record | ||
| 942 |
_2ddc _cBK |
||
| 999 |
_c68466 _d68466 |
||